<?xml version="1.0" encoding="UTF-8"?>
<record
    xmlns:xsi="http://www.w3.org/2001/XMLSchema-instance"
    xsi:schemaLocation="http://www.loc.gov/MARC21/slim http://www.loc.gov/standards/marcxml/schema/MARC21slim.xsd"
    xmlns="http://www.loc.gov/MARC21/slim">

  <leader>02660nam2a2200385   4500</leader>
  <controlfield tag="001">RU\NLR\BIBL_A\010460888</controlfield>
  <controlfield tag="005">20260407070335.0</controlfield>
  <datafield tag="010" ind1=" " ind2=" ">
    <subfield code="a">978-5-9233-1042-9</subfield>
    <subfield code="9">300</subfield>
  </datafield>
  <datafield tag="021" ind1=" " ind2=" ">
    <subfield code="a">RU</subfield>
    <subfield code="b">2014-49261</subfield>
    <subfield code="9">2977</subfield>
  </datafield>
  <datafield tag="035" ind1=" " ind2=" ">
    <subfield code="a">(NLR Aleph) 010460888</subfield>
  </datafield>
  <datafield tag="090" ind1=" " ind2=" ">
    <subfield code="a">9975621</subfield>
    <subfield code="c">9975621</subfield>
  </datafield>
  <datafield tag="100" ind1=" " ind2=" ">
    <subfield code="a">20140910d2013    |||y0rusy50      ca</subfield>
  </datafield>
  <datafield tag="101" ind1="0" ind2=" ">
    <subfield code="a">rus</subfield>
    <subfield code="d">eng</subfield>
  </datafield>
  <datafield tag="102" ind1=" " ind2=" ">
    <subfield code="a">RU</subfield>
  </datafield>
  <datafield tag="105" ind1=" " ind2=" ">
    <subfield code="a">y ||||||001yy</subfield>
  </datafield>
  <datafield tag="200" ind1="1" ind2=" ">
    <subfield code="a">[&#x41B;&#x430;&#x433;&#x435;&#x440;&#x44F; &#x434;&#x43B;&#x44F; &#x432;&#x43E;&#x435;&#x43D;&#x43D;&#x43E;&#x43F;&#x43B;&#x435;&#x43D;&#x43D;&#x44B;&#x445; &#x41D;&#x41A;&#x412;&#x414; - &#x41C;&#x412;&#x414; &#x421;&#x421;&#x421;&#x420;, 1939-1956</subfield>
    <subfield code="d">Prisoner of war camps of the people's commissariat / the ministry for internal affaires of the URSS, 1939-1956</subfield>
    <subfield code="e">&#x441;&#x43F;&#x440;&#x430;&#x432;&#x43E;&#x447;&#x43D;&#x438;&#x43A;</subfield>
    <subfield code="f">&#x41C;. &#x41C;. &#x417;&#x430;&#x433;&#x43E;&#x440;&#x443;&#x43B;&#x44C;&#x43A;&#x43E;, &#x421;. &#x413;. &#x421;&#x438;&#x434;&#x43E;&#x440;&#x43E;&#x432;, &#x415;. &#x41C;. &#x426;&#x443;&#x43D;&#x430;&#x435;&#x432;&#x430;]</subfield>
    <subfield code="z">eng</subfield>
  </datafield>
  <datafield tag="210" ind1=" " ind2=" ">
    <subfield code="a">&#x412;&#x43E;&#x43B;&#x433;&#x43E;&#x433;&#x440;&#x430;&#x434;</subfield>
    <subfield code="c">&#x418;&#x437;&#x434;&#x430;&#x442;&#x435;&#x43B;&#x44C;</subfield>
    <subfield code="d">2013</subfield>
  </datafield>
  <datafield tag="215" ind1=" " ind2=" ">
    <subfield code="a">766, [1] &#x441;.</subfield>
  </datafield>
  <datafield tag="300" ind1=" " ind2=" ">
    <subfield code="a">&#x410;&#x432;&#x442;. &#x442;&#x430;&#x43A;&#x436;&#x435; &#x43D;&#x430; &#x430;&#x43D;&#x433;&#x43B;. &#x44F;&#x437;.: M. M. Zagorulko, S. G. Sidorov, Ye. M. Tsunayeva</subfield>
  </datafield>
  <datafield tag="300" ind1=" " ind2=" ">
    <subfield code="a">&#x420;&#x435;&#x437;. &#x43D;&#x430; &#x430;&#x43D;&#x433;&#x43B;. &#x44F;&#x437;.</subfield>
  </datafield>
  <datafield tag="320" ind1=" " ind2=" ">
    <subfield code="a">&#x411;&#x438;&#x431;&#x43B;&#x438;&#x43E;&#x433;&#x440;.: &#x441;. 757-767 (315 &#x43D;&#x430;&#x437;&#x432;.)</subfield>
  </datafield>
  <datafield tag="320" ind1=" " ind2=" ">
    <subfield code="a">&#x423;&#x43A;&#x430;&#x437;&#x430;&#x442;&#x435;&#x43B;&#x438;: &#x441;. 649-748</subfield>
  </datafield>
  <datafield tag="461" ind1=" " ind2="0">
    <subfield code="1">001RU\NLR\bibl\734085</subfield>
    <subfield code="1">2000#$a&#x412;&#x43E;&#x435;&#x43D;&#x43D;&#x43E;&#x43F;&#x43B;&#x435;&#x43D;&#x43D;&#x44B;&#x435; &#x432; &#x421;&#x421;&#x421;&#x420;, 1939-1956$f&#x41D;&#x418;&#x418; &#x43F;&#x440;&#x43E;&#x431;&#x43B;. &#x44D;&#x43A;&#x43E;&#x43D;. &#x438;&#x441;&#x442;&#x43E;&#x440;&#x438;&#x438; &#x420;&#x43E;&#x441;&#x441;&#x438;&#x438; XX &#x432;. &#x412;&#x43E;&#x43B;&#x433;&#x43E;&#x433;&#x440;. &#x433;&#x43E;&#x441;. &#x443;&#x43D;-&#x442;&#x430; [&#x438; &#x434;&#x440;.]$g&#x43F;&#x43E;&#x434; &#x440;&#x435;&#x434;. &#x43F;&#x440;&#x43E;&#x444;. &#x41C;.&#x41C;. &#x417;&#x430;&#x433;&#x43E;&#x440;&#x443;&#x43B;&#x44C;&#x43A;&#x43E;$v&#x422;. 6</subfield>
    <subfield code="9">720918</subfield>
    <subfield code="c">&#x412;&#x43E;&#x43B;&#x433;&#x43E;&#x433;&#x440;&#x430;&#x434;</subfield>
    <subfield code="d">2004</subfield>
    <subfield code="f">&#x41D;&#x418;&#x418; &#x43F;&#x440;&#x43E;&#x431;&#x43B;. &#x44D;&#x43A;&#x43E;&#x43D;. &#x438;&#x441;&#x442;&#x43E;&#x440;&#x438;&#x438; &#x420;&#x43E;&#x441;&#x441;&#x438;&#x438; XX &#x432;. &#x412;&#x43E;&#x43B;&#x433;&#x43E;&#x433;&#x440;. &#x433;&#x43E;&#x441;. &#x443;&#x43D;-&#x442;&#x430; [&#x438; &#x434;&#x440;.]</subfield>
    <subfield code="n">&#x412;&#x43E;&#x43B;&#x433;&#x43E;&#x433;&#x440;. &#x43D;&#x430;&#x443;&#x447;. &#x438;&#x437;&#x434;-&#x432;&#x43E;</subfield>
    <subfield code="t">&#x412;&#x43E;&#x435;&#x43D;&#x43D;&#x43E;&#x43F;&#x43B;&#x435;&#x43D;&#x43D;&#x44B;&#x435; &#x432; &#x421;&#x421;&#x421;&#x420;, 1939-1956</subfield>
    <subfield code="v">&#x422;. 6</subfield>
  </datafield>
  <datafield tag="510" ind1="1" ind2=" ">
    <subfield code="6">z22790</subfield>
    <subfield code="a">Prisoner of war camps of the people's commissariat / the ministry for internal affaires of the URSS, 1939-1956</subfield>
    <subfield code="z">eng</subfield>
  </datafield>
  <datafield tag="512" ind1="1" ind2=" ">
    <subfield code="6">z23790</subfield>
    <subfield code="a">&#x41B;&#x430;&#x433;&#x435;&#x440;&#x44F; &#x434;&#x43B;&#x44F; &#x432;&#x43E;&#x435;&#x43D;&#x43D;&#x43E;&#x43F;&#x43B;&#x435;&#x43D;&#x43D;&#x44B;&#x445; &#x41D;&#x41A;&#x412;&#x414; - &#x41C;&#x412;&#x414; &#x421;&#x421;&#x421;&#x420;, 1939-1956</subfield>
  </datafield>
  <datafield tag="606" ind1="1" ind2=" ">
    <subfield code="a">&#x41B;&#x430;&#x433;&#x435;&#x440;&#x44F; &#x432;&#x43E;&#x435;&#x43D;&#x43D;&#x43E;&#x43F;&#x43B;&#x435;&#x43D;&#x43D;&#x44B;&#x445;</subfield>
    <subfield code="j">&#x414;&#x43E;&#x43A;&#x443;&#x43C;&#x435;&#x43D;&#x442;&#x44B; &#x438; &#x43C;&#x430;&#x442;&#x435;&#x440;&#x438;&#x430;&#x43B;&#x44B;</subfield>
    <subfield code="y">&#x421;&#x421;&#x421;&#x420;</subfield>
    <subfield code="z">1939 - 1956</subfield>
    <subfield code="9">2629200</subfield>
    <subfield code="3">RU\NLR\AUTH\661565760</subfield>
  </datafield>
  <datafield tag="701" ind1=" " ind2="1">
    <subfield code="7">ca</subfield>
    <subfield code="8">rus</subfield>
    <subfield code="a">&#x417;&#x430;&#x433;&#x43E;&#x440;&#x443;&#x43B;&#x44C;&#x43A;&#x43E;</subfield>
    <subfield code="b">&#x41C;. &#x41C;.</subfield>
    <subfield code="f">1924-2021</subfield>
    <subfield code="g">&#x41C;&#x430;&#x43A;&#x441;&#x438;&#x43C; &#x41C;&#x430;&#x442;&#x432;&#x435;&#x435;&#x432;&#x438;&#x447;</subfield>
    <subfield code="3">RU\NLR\AUTH\770139976</subfield>
    <subfield code="9">139941</subfield>
  </datafield>
  <datafield tag="701" ind1=" " ind2="1">
    <subfield code="8">rus</subfield>
    <subfield code="7">ca</subfield>
    <subfield code="a">&#x421;&#x438;&#x434;&#x43E;&#x440;&#x43E;&#x432;</subfield>
    <subfield code="b">&#x421;. &#x413;.</subfield>
    <subfield code="c">&#x434;-&#x440; &#x438;&#x441;&#x442;. &#x43D;&#x430;&#x443;&#x43A;</subfield>
    <subfield code="g">&#x421;&#x435;&#x440;&#x433;&#x435;&#x439; &#x413;&#x440;&#x438;&#x433;&#x43E;&#x440;&#x44C;&#x435;&#x432;&#x438;&#x447;</subfield>
    <subfield code="3">RU\NLR\AUTH\77110253</subfield>
    <subfield code="9">93178</subfield>
  </datafield>
  <datafield tag="701" ind1=" " ind2="1">
    <subfield code="a">&#x426;&#x443;&#x43D;&#x430;&#x435;&#x432;&#x430;</subfield>
    <subfield code="b">&#x415;. &#x41C;.</subfield>
    <subfield code="g">&#x415;&#x43B;&#x435;&#x43D;&#x430; &#x41C;&#x43E;&#x438;&#x441;&#x435;&#x435;&#x432;&#x43D;&#x430;</subfield>
  </datafield>
  <datafield tag="790" ind1=" " ind2="1">
    <subfield code="7">ba</subfield>
    <subfield code="8">rus</subfield>
    <subfield code="a">Zagorul'ko</subfield>
    <subfield code="b">M. M.</subfield>
    <subfield code="f">1924-2021</subfield>
    <subfield code="g">Maksim Matveevi&#x10D;</subfield>
    <subfield code="3">RU\NLR\AUTH\770139978</subfield>
    <subfield code="9">139943</subfield>
  </datafield>
  <datafield tag="790" ind1=" " ind2="1">
    <subfield code="7">ca</subfield>
    <subfield code="8">rus</subfield>
    <subfield code="a">&#x417;&#x430;&#x433;&#x43E;&#x440;&#x443;&#x43B;&#x44C;&#x43A;&#x43E;</subfield>
    <subfield code="b">&#x41C;. &#x41C;.</subfield>
    <subfield code="f">1924-2021</subfield>
    <subfield code="g">&#x41C;&#x430;&#x43A;&#x441;&#x438;&#x43C; &#x41C;&#x430;&#x442;&#x432;&#x435;&#x435;&#x432;&#x438;&#x447;</subfield>
    <subfield code="3">RU\NLR\AUTH\770139976</subfield>
    <subfield code="9">139941</subfield>
  </datafield>
  <datafield tag="942" ind1=" " ind2=" ">
    <subfield code="c">BOOK</subfield>
  </datafield>
  <datafield tag="980" ind1=" " ind2=" ">
    <subfield code="a">NB</subfield>
  </datafield>
  <datafield tag="995" ind1=" " ind2=" ">
    <subfield code="5">2014-09-10</subfield>
    <subfield code="a">ad</subfield>
    <subfield code="b">NLR01</subfield>
    <subfield code="c">NLR01</subfield>
    <subfield code="e">RF8</subfield>
    <subfield code="f">1-556174</subfield>
    <subfield code="k">2000-7/3284</subfield>
    <subfield code="o">0</subfield>
    <subfield code="r">BOOK</subfield>
    <subfield code="s">200073284_</subfield>
  </datafield>
  <datafield tag="995" ind1=" " ind2=" ">
    <subfield code="5">2014-09-10</subfield>
    <subfield code="a">ad</subfield>
    <subfield code="b">NLR01</subfield>
    <subfield code="c">NLR01</subfield>
    <subfield code="e">RF8</subfield>
    <subfield code="f">1-556181</subfield>
    <subfield code="k">2000-7/3284</subfield>
    <subfield code="o">0</subfield>
    <subfield code="r">BOOK</subfield>
    <subfield code="s">200073284_</subfield>
  </datafield>
</record>
